50 years independence tanzania mainland development of statistics before and after independence (Record no. 7022)

000 -LEADER
fixed length control field 00560nam a22001217a 4500
008 - FIXED-LENGTH DATA ELEMENTS--GENERAL INFORMATION
fixed length control field 200415b ||||| |||| 00| 0 eng d
100 ## - MAIN ENTRY--PERSONAL NAME
Personal name The united republic of tanzania
245 ## - TITLE STATEMENT
Title 50 years independence tanzania mainland development of statistics before and after independence
Statement of responsibility, etc. The United Republic of Tanzania
Medium English
260 ## - PUBLICATION, DISTRIBUTION, ETC. (IMPRINT)
Place of publication, distribution, etc. Dar Es Salaam
Name of publisher, distributor, etc. National Bureau of Statistics
Date of publication, distribution, etc. 2011
300 ## - PHYSICAL DESCRIPTION
Extent 16p.
Other physical details .Illustration
Dimensions 28cm
650 ## - SUBJECT ADDED ENTRY--TOPICAL TERM
Source of heading or term 50 years of independence tanzania mainland development of statistics before and after independence
942 ## - ADDED ENTRY ELEMENTS (KOHA)
Source of classification or shelving scheme
Koha item type BOOKS
Holdings
Withdrawn status Lost status Source of classification or shelving scheme Damaged status Not for loan Home library Current library Date acquired Total Checkouts Barcode Date last seen Price effective from Koha item type
          Mwanza Mwanza 15/04/2020   1000002803 15/04/2020 15/04/2020 BOOKS

IRDP © 2019 :: Managed by IRDP ICT Unit